Fundamentals of applied electromagnetics / (Record no. 14273)
[ view plain ]
| 000 -LEADER | |
|---|---|
| fixed length control field | 00597nam a2200229 a 4500 |
| 001 - CONTROL NUMBER | |
| JCCL Control Number | 14273 |
| 003 - CONTROL NUMBER IDENTIFIER | |
| JCCL marc code | BD-JhCC |
| 005 - DATE AND TIME OF LATEST TRANSACTION | |
| control field | 20250226092221.0 |
| 008 - FIXED-LENGTH DATA ELEMENTS--GENERAL INFORMATION | |
| fixed length control field | 250226b1997 e a|||| ||a| 001 0 eng d |
| 020 ## - INTERNATIONAL STANDARD BOOK NUMBER | |
| International Standard Book Number | 0137247095 |
| 035 ## - SYSTEM CONTROL NUMBER | |
| system control number | (BD-JhCC)14273 |
| 040 ## - CATALOGING SOURCE | |
| Original cataloging agency | BD-JhCC |
| Modifying agency | BD-JhCC |
| 041 ## - LANGUAGE CODE | |
| Language code of Book | english |
| 082 ## - DEWEY DECIMAL CLASSIFICATION NUMBER | |
| Classification number | 537.5 |
| Author mark and Year | ULA 1997 |
| 100 ## - MAIN ENTRY--PERSONAL NAME | |
| Personal name | Ulaby,Fawwaz T. |
| 245 ## - TITLE STATEMENT | |
| Title | Fundamentals of applied electromagnetics / |
| Statement of responsibility, etc | Fawwaz T. Ulaby. |
| 260 ## - PUBLICATION, DISTRIBUTION, ETC. (IMPRINT) | |
| Place of publication, distribution, etc | New York: |
| Name of publisher, distributor, etc | Prentice-Hall; |
| Date of publication, distribution, etc | 1997. |
| 300 ## - PHYSICAL DESCRIPTION | |
| Pagination | 407 p. : |
| Other physical details | ill; |
| Dimensions | 24 cm |
| 650 ## - SUBJECT ADDED ENTRY--TOPICAL TERM | |
| Topical term or geographic name as entry element | Electromagnetism |
| 942 ## - ADDED ENTRY ELEMENTS (KOHA) | |
| Source of classification or shelving scheme | Dewey Decimal Classification |
| Koha item type | Books |
| Source of classification or shelving scheme | Damaged status | Not for loan | Home library | Current library | Shelving location | Date of accession | Source of acquisition | Total Checkouts | Full call number | Barcode | Date last seen | Date checked out | Copy number | Method of acquisition | Koha item type | Currency |
|---|---|---|---|---|---|---|---|---|---|---|---|---|---|---|---|---|
| Dewey Decimal Classification | JCC Rouf Library | JCC Rouf Library | General Stacks | With the compliments of Shahriar Imtiaz Rahman,27/1483/K | 1 | 537.5 ULA 1997 | 19871 | 04/30/2025 | 04/09/2025 | C-1 | Gift/Donation | Books | BDT |